[Event "Alvise Zichichi mem 7th"]
[Site "Ladispoli"]
[Date "2009.09.27"]
[Round "8"]
[White "Arabito, Giuseppe"]
[Black "Giuliano, Alberto"]
[Result "0-1"]
[WhiteElo "1904"]
[BlackElo "1786"]
[PlyCount "20"]
[EventDate "2009.09.19"]
[EventType "swiss"]
[EventRounds "8"]
[EventCountry "ITA"]
[SourceTitle "EXT 2012"]
[Source "ChessBase"]
[SourceDate "2011.11.24"]
[SourceVersion "1"]
[SourceVersionDate "2011.11.24"]
[SourceQuality "1"]

1. e4 e6 2. d4 d5 3. exd5 exd5 4. Bd3 Bd6 5. Ne2 Ne7 6. 0-0 0-0 7. Bf4 Bf5 8. c3 Bxf4 9. Bxf5 Bxh2+ 10. Kxh2 Nxf5 0-1

[Event "Alvise Zichichi mem 7th"]
[Site "Ladispoli"]
[Date "2009.09.26"]
[Round "5"]
[White "Vuelban, Virgilio"]
[Black "Giuliano, Alberto"]
[Result "1-0"]
[WhiteElo "2405"]
[BlackElo "1786"]
[PlyCount "56"]
[EventDate "2009.09.19"]
[EventType "swiss"]
[EventRounds "8"]
[EventCountry "ITA"]
[SourceTitle "EXT 2012"]
[Source "ChessBase"]
[SourceDate "2011.11.24"]
[SourceVersion "1"]
[SourceVersionDate "2011.11.24"]
[SourceQuality "1"]

1. e4 c5 2. Nf3 d6 3. d4 cxd4 4. Nxd4 Nf6 5. Nc3 g6 6. Be3 Bg7 7. f3 Nc6 8. Qd2 0-0 9. 0-0-0 d5 10. exd5 Nxd5 11. Nxc6 bxc6 12. Bd4 e5 13. Bc5 Be6 14. Ne4 Qh4 15. g3 Qh5 16. g4 Qh4 17. Bf2 Qd8 18. h4 Qc7 19. Bc5 Rfd8 20. c4 Nb6 21. Bd6 Rxd6 22. Qxd6 Qc8 23. h5 f5 24. gxf5 Bxf5 25. hxg6 Bxg6 26. Nf6+ Bxf6 27. Qxf6 Qf5 28. Qxf5 Bxf5 1-0